Word Ladder: Got Rungs? Quiz Stats

 Plays Quiz Updated May 24, 2012

Support Sporcle.
Go Orange.
Score 0/26 Timer 03:00
1 Play Today
Hint Word % Correct
CompletedDONE
95.9%
____, Where's My Car?DUDE
95.4%
✿ IT MIGHT HAVE MARROW ✿✿ BONE ✿
94.9%
Send by postMAIL
92.8%
✿ FEMALE SERVANT ✿✿ MAID ✿
91.6%
Shut the door!SLAM
90.9%
The Real ____ ShadySLIM
89.7%
Frank Herbert sagaDUNE
87.4%
✿ READ QUICKLY ✿✿ SKIM ✿
86%
Jazz, Heat, or Lakers, e.g.TEAM
85.6%
Fall shortFAIL
85.4%
UtteredSAID
85.3%
Fabric junctureSEAM
84.6%
Hint Word % Correct
Ian Fleming's spyBOND
83.1%
✿ DEFECTIVE BOMBS ✿✿ DUDS ✿
81.8%
Window ledgeSILL
81.4%
____ RowSKID
80.8%
VendSELL
80.1%
William with an OvertureTELL
76.5%
Stocking or scarf fiberSILK
73.6%
AffectionateFOND
71.2%
Dabbling duckTEAL
70.6%
Sabre, epee, or ____FOIL
67.1%
Couscous, mulligatawny, or felafelFOOD
64.6%
HoodwinkFOOL
64.5%
✿ COMMON BOND ✿✿ MILK ✿
56.8%

Today's Daily Dose

You're not logged in!

Compare scores with friends on all Sporcle quizzes.
OR
Log In
Forgot?

From the Vault

History by Headline

by Hejman

History 6m
In 100 years, this is going to be history by tweet, isn't it?
Remove Ads.
Support Sporcle.
Get the best of Sporcle when you Go Orange. This ad-free experience offers more features, more stats, and more fun while also helping to support Sporcle. Thank you for becoming a member.

Show Comments

Extras

Top Quizzes Today


Score Distribution

Your Account Isn't Verified!

In order to create a playlist on Sporcle, you need to verify the email address you used during registration. Go to your Sporcle Settings to finish the process.

Report this User

Report this user for behavior that violates our Community Guidelines.

Details: